Personnages de Genshin Impact par monologue d'intro - Statistiques

Statistiques générales
  • Ce quiz a été pris 155 fois
    45 depuis la dernière actualisation
  • Le résultat moyen est 16 sur 20
Statistiques - réponses
Monologue Personnage % Correct
Je suis [...], alchimiste en chef des chevaliers de l'Ordre de Favonius. L'odeur des étoiles émane de vous, intéressant... J'aimerais étudier cela de plus près. Je suis sûr que les occasions ne manqueront pas. Albedo
100%
Je suis [...], le scribe de l'Académie. Si vous souhaitez accéder à un dossier d'archives, veuillez soumettre votre demande en suivant le format approprié. Comment, votre formulaire n'est pas prêt ? Pas d'inquiétude. Vous pouvez revenir le jour ouvrable suivant. Mes horaires de travail sont affichés à l'extérieur du bureau. Alhaitham
100%
[...] l'Éclaireuse, au rapport ! N'hésite pas à me dire comment je peux te rendre service ! Amber
100%
Je suis [...], le « Valet » et la quatrième Exécutrice des Fatui. Les enfants du Foyer de l'âtre m'appellent « Père ». J'espère que notre collaboration sera agréable, et je n'en doute pas. Il n'y a aucune source de tensions entre nous pour le moment, non ? Arlecchino
100%
Bonjour. Je suis [...], le médecin du Cottage Bubu. Vous avez mal quelque part ? Depuis combien de temps ? Dites-moi tout... Oh ? Vous n'êtes pas là pour une consultation médicale ? Dans ce cas, je suis navré de devoir vous faire attendre un peu. Je vais m'occuper des autres patients avant. Baizhu
100%
Je suis [...]. Tu connais le Crux ? Rejoins-nous si tu es féru·e d'aventure. Rien n'arrive jamais à mon équipage tant que je suis là. Beidou
100%
[...], du Clan des fleurplumes. Y a-t-il des différends que je dois régler pour toi ? Selon les cas, ça peut te coûter un peu de dignité, quelques verres, voire... quelques balles. Chasca
100%
Je suis [...] des Maîtres du vent nocturne. J'ai observé les étoiles et vu ton avenir à travers l'obscure brume. La chance te sourira et tu bénéficieras de l'aide de puissants alliés pendant ton voyage. Permets-moi de te rejoindre... Hé, je peux être sérieuse ! Arrête de me regarder comme ça ! Citlali
100%
Bonjour, je suis [...], une duelliste mandatée de la Cour de Fontaine. Si vous souhaitez faire appel à mes services, merci de me dire la nature de votre conflit... Cependant, épargnez-moi les détails, cela ne me concerne pas. Clorinde
100%
Garde forestière en formation [...] au rapport ! J'assurerai ta sécurité lors de ton passage dans cette forêt... Ouf, je crois que j'ai enfin réussi à dire cette phrase... Euh, je ne me suis pas trompée, n'est-ce pas ? Collei
100%
[...], barmaid à La Queue de Chat ! Mes services pour tout événement privé ne sont pas donnés... Quoi ? Tu n'es pas là pour boire ? Hmph... Dans ce cas d'accord, je peux bien accepter ton invitation. Diona
100%
Capitaine [...] Lawrence, Chevalier aux Embruns, de l'unité de reconnaissance de l'Ordre de Favonius. Je vous salue. Hein ? Quoi...? Oui, « Lawrence », la famille d'aristocrates de triste renom. Oh, nous sommes toujours aussi machiavéliques. Regardez-moi, j'ai infiltré les rangs des chevaliers de l'Ordre de Favonius, tout cela dans le cadre d'un plan diabolique pour obtenir vengeance et restaurer notre ancienne gloire ! Eula
100%
Bonjour, je m'appelle [...], je suis plongeur... Oh, pas besoin de me serrer la main. Je veux dire, pas besoin d'être aussi formel·le. Ahem, si vous avez besoin d'aide pour inspecter des ruines sous-marines ou récupérer des matériaux, je peux vous être utile. Mais pour tout le reste... Vous pourriez me trouver décevant... Freminet
100%
Que faites-vous là-bas ? Seriez-vous trop nerveux·se pour parler ? C'est vrai que vous avez devant vous la personnalité préférée de Fontaine. Mon emploi du temps est très chargé, obtenir un rendez-vous avec moi est synonyme de chance. Furina
100%
Oui ? Maintenant, pourquoi seriez-vous à ma recherche, hmm ? Oh, vous ne saviez pas ? Je suis la 77e directrice du Funérarium Wangsheng, [...]. Mais vu votre allure... Une peau radieuse, une posture verticale... Oui, vous n'êtes définitivement pas ici pour quelque chose en rapport avec mon domaine d'activité, je me trompe ? Hu Tao
100%
Bonjour, je m'appelle [...]. Je fais partie du Collectif de l'abondance et je suis l'entraîneuse sportive la plus connue de ma tribu. Vous avez l'air en très bonne condition physique... Vous faites aussi de l'exercice ? Iansan
100%
[...], Chevalier au Pissenlit, au rapport. Je demande l'autorisation de rejoindre l'équipe. Ma loyauté est tienne ! Jean
100%
Salutations. Ayaka m'a parlé de vous à plusieurs reprises. Hélas, mon emploi du temps a été plus chargé que prévu récemment, ce qui a retardé notre première rencontre jusqu'à aujourd'hui. [...], chef du Clan [...]. Enchanté de faire votre connaissance. Kamisato Ayato
100%
Merci de m'avoir donné la chance de vous rencontrer. J'estime qu'une conversation doit se faire entre deux personnes qui partagent une perception du monde similaire pour être agréable. Je m'appelle [...] et j'exerce le métier d'architecte. Enchanté de faire votre connaissance. N'hésitez pas à me parler de votre vision en détail, si vous souhaitez me faire travailler sur un projet. Kaveh
100%
Je suis [...], l'Alioth des Sept Étoiles de Liyue. Une nouvelle ère est sur le point de voir le jour pour mettre un terme à l'ancien ordre du monde qui a perduré pendant des millénaires. Ne voudriez-vous pas assister à ce moment historique à mes côtés ? Keqing
100%
Je suis [...], coursière pour l'entreprise Komaniya Express d'Inazuma. Rassurez-vous, il n'y a aucune destination où je ne peux pas livrer ! Hein ? Mes queues ? Oh, je les ai parce que je suis un démon. Une nekomata, pour être précise. Kirara
100%
Je suis [...]. Vous pouvez oublier mon nom, mais retenez ceci : sous ma garde, Inazuma sera toujours protégée et la volonté de la Shogun appliquée. Dieu ou démon, si vous faites de moi votre ennemie, je vous terrasserai ! Hum, ne sois pas si nerveux·se. J'ai accepté de me battre à tes côtés et j'honorerai mon engagement. Je peux être intransigeante pour ce qui est de grande importance, mais pour le reste, je suis plutôt facile à vivre. Kujou Sara
100%
Coucou, petit chou ! Tu t'es enfin décidé·e à devenir mon assistant·e ? Moi, une grande sorcière ? C'est du passé tout ça, maintenant je ne suis qu'une simple bibliothécaire et ça me va très bien. Pas d'inquiétude, je prendrai soin de toi... Lisa
100%
Heureuse de faire votre connaissance. Je suis l'assistante magique de Lyney. Si vous avez des questions liées au travail, veuillez demander à Lyney. Si vous avez des questions concernant une représentation, veuillez vous adresser à la billetterie. Oh, c'est à moi que vous voulez parler ? ... Eh bien, allez droit au but. Lynette
100%
Point de subterfuge : c'est moi, [...] ! Le plus grand magicien de tout Teyvat ! Excité·e ? Surpris·e ? Oh, vous souhaitez savoir comment je suis apparu devant vous comme ça ? Eh bien... Hmm, vos yeux sont comme la topaze : précieux, purs et ravissants. Je les aime beaucoup ! Alors c'est décidé... Je vais préparer un spectacle rien que pour vous. Mais regardez attentivement... Clignez des yeux et vous pourriez le manquer ! Lyney
100%
[...], arpenteur de première ligne de l'unité de reconnaissance de l'Ordre de Favonius, au rapport. C'est un honneur pour moi de combattre à vos côtés. S'il y a quoi que ce soit que je peux faire pour vous, n'hésitez pas à me le dire... Je ferai de mon mieux pour vous donner une idée claire de la route à prendre et vous avertir des dangers ! Mika
100%
Je suis l'Astromancienne [...] Megistus, ce qui signifie « la Grande Astromancienne [...] ». Si tu souhaites faire appel à mes services de divination, alors je te prie de respecter mon nom en le retenant dans son entier dès à présent. Mona
100%
Je suis [...], l'actuelle présidente, dirigeante, commandante en chef, interlocutrice et patronne de la Spina di Rosula. Ravie de faire votre connaissance ! À en juger par vos talents qui sortent de l'ordinaire et votre caractère d'exception, je pense que le chemin que nous ferons ensemble sera tout aussi long que l'accumulation des titres que je possède. Navia
100%
Salutations. Je suis le juge suprême, ou l'iudex, de Fontaine, mais vous pouvez simplement vous adresser à moi en utilisant mon nom de famille, [...]. Non pas parce que je souhaite garder mes distances avec vous... Je suis simplement conscient qu'être trop familier peut remettre en cause l'impartialité de la justice aux yeux de certains. Si vous avez des demandes ou des préoccupations, alors — dans la mesure permise par la loi, du moins — nous pouvons nous asseoir et en discuter tout en buvant de l'eau importée du Village de Qiaoying. Neuvillette
100%
Je suis la Megrez des Sept Étoiles, [...]. Faisons affaire : soyez mon garde du corps, et moi je vous apprends comment avoir toujours un coup d'avance à Liyue. Ningguang
100%
Je m'appelle [...], je suis la servante de l'Ordre de Favonius, et c'est avec un grand plaisir qu'à partir de maintenant, je t'accompagnerai lors de tes aventures. Si tu rencontres le moindre problème à n'importe quel moment, n'hésite pas à m'appeler et je serai ravie de t'offrir mon assistance. Oui, ça commence à partir de maintenant... De quoi as-tu besoin ? Noëlle
100%
Écoutez, disciple, si vous avez un problème que vous n'arrivez pas à régler, je m'en occupe. Mais si vous cherchez quelqu'un pour prier, vous feriez mieux de vous adresser à une autre sœur. ... Comment ? Vous n'êtes pas un disciple ? Rosalia
100%
Je suis [...], la Prêtresse divine de l'Île de Watatsumi. Voyager avec vous sera l'occasion de me déten... Euh, je veux dire de voir de nouveaux horizons. Ne vous inquiétez pas, j'ai laissé des directives à mon peuple en mon absence, et j'ai terminé les plans de développement de l'île. Tout le monde saura se débrouiller même si je m'absente un peu. Sangonomiya Kokomi
100%
Qu'y a-t-il ? Détendez-vous. Je suis [...], infirmière de la Forteresse de Méropide. Laissez-moi vous examiner... Avez-vous mal ici ? Et là ? ... Oh, vous n'êtes pas là pour un examen médical ? Tant mieux, pfiou... Vous êtes adorable, alors prenez bien soin de vous, d'accord ? Il ne faudrait pas vous blesser. Sigewinne
100%
Je suis [...], une chercheuse en alchimie. On m'a dit que tu avais voyagé dans beaucoup de contrées, et... Non, c'est notre première rencontre, je ne devrais pas t'embêter avec ça, mais... Je suis toute ouïe si tu veux me raconter tes aventures... Sucrose
100%
Bonjour. Je m'appelle [...], je suis brigadier forestier de la Forêt d'Avidya. Mon devoir est de préserver à la fois l'écosystème de la forêt tropicale et la sécurité des visiteurs. Si c'est la première fois que vous venez ici, je vous suggère de lire le Guide de survie en Forêt d'Avidya, en accordant une attention toute particulière au chapitre « Distinguer les champignons comestibles des champignons vénéneux ». Tighnari
100%
*bâille* Quel bon sommeil. Ah, c'est toi, voyageur·se ? Tu ne te souviens plus de moi ? Héhé, laisse-moi t'accompagner de nouveau dans ta quête ! Quelqu'un se doit bien de chanter ton histoire ! Venti
100%
Bonjour, veuillez essayer de résumer rapidement vos intentions et vos objectifs pour cette rencontre. Oh ? Vous n'êtes pas ici pour affaires ? Eh bien, cela me rend encore plus nerveux. Très bien, alors peut-être devrions-nous nous asseoir et discuter des choses un peu plus en détail... Oh, et vous pouvez m'appeler « duc ». C'est comme ça que tout le monde m'appelle dans la Forteresse, et... Eh bien, je m'y suis un peu habitué. Wriothesley
100%
Salut ! Je suis [...], une cheffe cuisinière de Liyue ! J'adore la gastrologie... euh, la gastronomie ! J'ai beau avoir répété, mais les présentations n'ont jamais été mon truc, haha. Xiangling
100%
Je suis la guuji du Sanctuaire de Narukami. Le but de ma visite est de surveiller tes moindres faits et gestes par décret du sanctuaire... Oh, allez, ne sois pas si nerveux·se. Ce n'est qu'une formalité. Je n'ai pas le droit de venir te rendre visite sans avoir une bonne raison ? Allez, fais quelque chose de drôle. Yae Miko
100%
Bonjour ! Je suis [...], psychoclinicienne. Si quelque chose vous préoccupe, n'hésitez pas à m'en parler. Je peux chasser les cauchemars les plus sombres de votre esprit, sans laisser la moindre trace. Vous ne me croyez pas ? Si vous avez un moment à m'accorder... Pourquoi ne passeriez-vous pas à mon bureau ? Yumemizuki Mizuki
100%
Si vous vous réveillez avec un couteau sous la gorge, si des monstres approchent leurs griffes de vos entrailles, si la mort vient frapper à votre porte... Appelez l'Adepte [...]. Je serai là. Xiao
91%
Enchantée. Je suis [...], un robot domestique multifonction. Je suis équipée de modes de nettoyage, de cuisine et de communication émotionnelle à l'heure actuelle. Je dispose également d'un mode de combat. Il peut être activé seulement après avoir lu la décharge de responsabilité de 11 pages. Comment puis-je vous aider aujourd'hui ? Ineffa
89%
Je m'appelle [...] et je suis un zombie... Ah, je ne me souviens pas de la suite. Qiqi
89%
Bien le bonjour, je suis [...], 11e Exécuteur des Fatui. Et vous êtes une personne qui gagnerait à nous rejoindre. Soyons amis ! Tartaglia
89%
[...] de Mondstadt. Épargnez-moi tout bavardage inutile, mais faites-moi signe si vous souhaitez que je me charge de quelque chose pour vous. Diluc
88%
Bonjour ! Je suis [...], cheffe adjointe du gang Arataki. On offre un large éventail de services, y compris, mais sans s'y limiter, le transport et la logistique, la sécurité, la réparation de maisons et l'organisation de spectacles musicaux. N'hésite pas à me contacter si tu as besoin de quoi que ce soit. Voici ma carte. Kuki Shinobu
88%
C'est ton équipe ? Cool ! Elle est chaleureuse et pleine d'entrain... Au fait, moi c'est [...]. Je suis le chef de la Bande à [...] ! Je peux te rejoindre ? S'il te plaît ! Bennett
86%
Je m'appelle [...], je suis la propriétaire de la Boutique [...]ya. N'hésitez pas à me contacter si vous souhaitez commander des vêtements sur mesure. Quant aux autres demandes, tout dépend de ce que vous avez à offrir. C'est comme ça que fonctionnent les affaires : une main lave l'autre. Il est également strictement interdit de fumer, de boire ou de provoquer du chahut dans la boutique. Ce non-sens selon lequel « le client est roi » ne s'applique pas ici... Et ça vaut aussi pour les invités de prestige, s'ils ne respectent pas les règles, ils seront priés d'aller voir ailleurs comme tout le monde. Chiori
86%
Bonjour, je suis [...], diacre à l'Église de Favonius et héraut de Barbatos. Comme vous pouvez vous en douter, je m'ennuie en ce moment. Alors, que se passe-t-il dans votre vie ? Des problèmes auxquels vous êtes confronté·e ? Je suis là pour vous écouter. Et probablement pour rire un peu... Mais aussi pour aider. Dahlia
86%
Bonjour. Je suis [...] des Maîtres du vent nocturne. Tu veux des légumes ? Oh, ne t'inquiète pas, je n'essaye pas de te vendre quoi que ce soit et je n'attends rien en retour. Il n'y a pas de raison particulière. J'aime simplement voir ce que chaque graine va devenir, je me retrouve donc avec beaucoup de denrées. Du moment que mes légumes finissent dans l'estomac de quelqu'un qui les apprécie, c'est tout ce qui compte. Ororon
86%
Tu es venu·e jouer avec moi ? Hihi, je m'appelle [...] et je suis une inventrice ! Ineffa et moi, on vit ensemble. Je pourrais manger tous les desserts du monde, parce que j'aime trop ça ! Mais mon préféré est le kniepertie aux lakkabaies ! Tu peux venir me voir à la Knieperterie Cling-clang quand tu veux ! Bref, assez parlé de moi. Et toi ? Présente-toi, et on deviendra ami·es ! Aino
83%
Le patron du gang [...], c'est bibi, et tout le monde connaît mon nom... Enfin, mes noms : « l'unique et inimitable » [...] « l'Oni roi du sumo », [...] « la fierté des Oni », [...] « le gladiateur scarabuto », [...] « le champion imbattable des cartes et des paris », [...] « Il perd aux jeux, mais ne l'admet pas de sitôt »... Ce sont les titres que j'utilise le plus souvent. Tu peux choisir celui que tu veux pour t'adresser à moi. Ne te gêne pas, héhé... Arataki Itto
83%
Oh ! Mais c'est le·la célèbre voyageur·se ! Je suis [...] Sangemah Bay, une marchande ambulante. En guise de cadeau de bienvenue, je t'offre une remise spéciale de 10 % sur toute ma marchandise. N'hésite pas à jeter un œil. Je t'aiderai même à tout emballer, gratuitement. Dori
83%
Bonjour ! Je suis [...] des Enfants des échos. J'adore les granifruits et j'aimerais devenir plus forte, même si je ne suis pas encore une grande combattante. Hum... Je devrais probablement garder tout ça pour plus tard, pas vrai ? Du coup, hum... Vous voulez aller quelque part ? Je connais bien la région, je peux vous guider ! Kachina
83%
bâille ... Bonjour, je m'appelle [...]. Je suis étudiante du Rtawahist... Hm ? Désolée, je n'ai pas passé une bonne nuit, alors je suis un peu à côté de la plaque aujourd'hui. Qu'est-ce que tu disais ? Tu veux faire équipe avec moi ? Non, je veux bien, mais je ne sais pas si mes horaires de sommeil te conviendront... Hum... Dans ce cas, ravie de pouvoir travailler avec toi ! Layla
83%
Je m'appelle [...]. Je suis de nature à blesser les gens qui m'entourent en raison d'une malédiction qui me touche depuis ma naissance. Les Adeptes m'ont conseillé de garder mes pulsions meurtrières sous contrôle grâce à ces cordes rouges. Si vous n'avez pas peur de marcher à mes côtés... Bien, tendez-moi votre main. Shenhe
83%
Bonjour ! Je m'appelle [...], je suis journaliste pour L'Oiseau de vapeur. Ravie de vous rencontrer. Si vous avez un peu de temps, accepteriez-vous de m'accorder une interview exclusive ? Mon instinct de journaliste me dit que vous êtes une mine d'informations précieuses ! Charlotte
80%
Je suis [...], la mercenaire que vous avez recrutée. Qu'est-ce que vous avez comme mission pour moi ? Me battre ? Vous escorter ? Peu importe ce que c'est, vous n'avez qu'à me demander ! Dehya
80%
— Je me prénomme [...], Princesse du châtiment. Le destin m'a invoquée en ce monde pour... Oh ? Vous êtes également originaire d'un autre monde ? Très bien, je vous accorde l'honneur de pouvoir voyager en compagnie de mon illustre personne. — La princesse veut dire qu'elle est ravie de faire votre connaissance. Fischl
80%
« Qu'il pleuve ou qu'il vente, je me fraierai un chemin à la force de mon épée, pieds nus s'il le faut, vers ma patrie... » Mon nom est [...], samouraï errant. Puisque nous sommes tous deux des voyageurs, faisons un bout de route ensemble. Kaedehara Kazuha
80%
— [...] « Malipo ». Je ne pense pas que nous nous soyons déjà rencontrés. Si vous avez besoin de mes services, décrivez-moi la tâche et dites-moi le prix que vous êtes prêt·e à payer. — ... Quoi, c'est tout ?! Tu me tues ! Il faut leur vendre tes compétences incroyables, leur raconter tes exploits et t'assurer qu'ils ont beaucoup d'attentes ! Puis, tu enchaînes avec « Et c'est pour ça que mes services coûtent un peu plus cher que la moyenne » ! Tu n'as donc vraiment aucun sens des affaires ? Ouf, comment Sa Majesté saurienne suprême a-t-il pu conclure un pacte avec un idiot comme ça... Quelle honte ! Kinich
80%
Merci de vous joindre à moi aujourd'hui, voyageur·se. Je m'appelle [...], et je suis une guide du Peuple des sources. Si vous avez besoin de quoi que ce soit, il vous suffit de lever la main ! Maintenant, rangez votre arme, sécurisez vos effets personnels, tenez fermement Paimon et, surtout, oubliez tous vos soucis. Je vous ai préparé une planche « Requinou », alors sautez dessus et essayez de ne pas tomber... Que l'aventure commence ! Mualani
80%
Ton odeur... J'aime bien. En chasse ! Razor
80%
On ne connaît pas vraiment quelqu'un sans l'avoir rencontré, et j'ai enfin cet honneur aujourd'hui. Je m'appelle [...] et je suis l'imprésario de la troupe d'opéra Yun-Han. Nous nous produisons au Salon de thé Heyu dernièrement et ce serait un plaisir de vous avoir dans notre public. Yun Jin
80%
Je suis [...], l'ancien général mahamatra. J'utilise désormais mes pouvoirs pour punir le mal comme bon me semble. Si vous partagez mes idéaux d'ordre et de justice, je vous prêterai volontiers ma force. Cyno
78%
Je suis [...], la capitaine de la patrouille de surveillance spéciale de Fontaine. Pas besoin de formalités entre nous, y a-t-il une affaire urgente qui demande mon attention ? Chevreuse
75%
[...] de l'Ordre de Favonius. Laisse-moi me joindre à toi, tu ne le regretteras pas. En tout cas, ça me changera des missions qu'on nous confie d'habitude... Kaeya
75%
Un nouveau contrat ? Soit... Je suis encore en congé, mais je peux bien vous accompagner j'imagine. Quel nom signer sur le contrat ? Je possède plusieurs noms, et [...] est mon... nom de vacances. Et vous, voyageur·se ? De quel nom allez-vous signer ? Zhongli
75%
Ça, c'est le prix de chercheur émérite de l'Académie, ça, c'est le prix du club d'énigmes de Sumeru, et il y a aussi celui du séminaire sur les mécanismes des ruines... Qu'en penses-tu ? Cela ne te donne-t-il pas envie de devenir mon élève ? Oh, juste au passage... Tu me trouveras dans les couloirs de l'Haravatat et non pas du Kshahrewar si tu me cherches. Ne te trompe pas. Faruzan
71%
Me présenter ? On m'a donné beaucoup de noms différents lors de mes errements à travers ce monde. Pour les gens ordinaires, ce sont toutes des appellations extrêmement nobles, mais pour moi, ce n'est que du passé. Donne-moi le nom que tu veux. J'ai hâte de voir ce que tu vas me proposer, alors ne me déçois pas. Nomade
70%
Je suis [...], suprême pâtissière et experte en gastronomie de précision, enchantée. En tant qu'invité·e des divinités, vous méritez la cuisine la plus raffinée de tout Teyvat. J'espère que mon travail sera à la hauteur de votre satisfaction. Si les arts culinaires vous intéressent, permettez-moi de vous initier au monde merveilleux de la haute gastronomie. J'espère juste que vous êtes prêt·e psychologiquement pour cela. N'abandonnez pas à mi-chemin, d'accord ? Escoffier
67%
Chevalier de l'étincelle [...] de l'Ordre de Favonius, à votre service ! ... Il y avait autre chose après, mais euh, j'ai oublié. Je n'ai pas une très bonne mémoire... Klee
67%
Grâce aux flammes qui nous ont servi de guide à travers le temps, nous avons pris une terre enveloppée par les ténèbres pour en faire notre foyer grâce à notre sang et à nos larmes. Désormais, notre voyage continue et un nouveau chapitre nous attend. En tant qu'actuel Archon Pyro, permettez-moi, [...], de vous éclairer la voie. Mavuika
67%
Bonjour ! Je suis [...], du théatre Zubayr. Le spectacle d'aujourd'hui est une danse. Garde les yeux bien ouverts, ça va commencer ! Nilou
67%
Je suis [...], le plus fin et le plus brillant des détectives de la Commission administrative... Ouh là, on dirait que la vie vous a vraiment malmené récemment, ai-je raison ? Tenez, pourquoi ne pas vous asseoir et tout me raconter depuis le début. Shikanoin Heizou
67%
Je m'appelle [...], meilleure conseillère juridique de Liyue - au cas où vous auriez des doutes, personne ne m'arrive à la cheville. Je suis experte dans tous les domaines juridiques, du droit du commerce au droit civil, en passant par le droit pénal, et je vous garantis une résolution rapide et satisfaisante de votre problème ! Mes coordonnées ? ... Comment puis-je vous les donner ? ... Hmm, ce sera sûrement perdu sur un papier et ça va s'effacer si je les écris sur le dos de votre main, donc... Aha, je sais, je vais les écrire ici, sur les vêtements de cette... euh, cette chose qui vous suit partout. Yanfei
67%
[...] entre en scène ! Laissez-moi vous soigner, vous ne le regretterez pas, promis ! Barbara
60%
Bonjour, je m'appelle [...]. Avez-vous une question sur la création de parfum ? Si ce n'est pas le cas, je suggère que nous allions dans un endroit plus calme pour discuter. Emilie
60%
Ouvrez les yeux. Je m'appelle [...], et dans le calme de cette forêt, le clair de la lune de givre nous illumine généreusement. Les cieux vous regardent où que vous alliez. Maintenant, fermez les yeux... Vous n'êtes plus perdu·e. Lauma
60%
[...] du Shuumatsuban, à ton service. Pfiou. Si tu n'as pas besoin de moi, je vais aller dormir. D'ailleurs, n'en profite pas pour me caresser la tête pendant le sommeil. Sayu
60%
Bonjour, je m'appelle [...] et je fais partie des Enfants des échos. Si vous souhaitez que je vous forge des outils, n'hésitez pas à me le dire. Cependant, j'ai déjà beaucoup de commandes qui s'accumulent. Même si vous introduisez une demande maintenant, vous allez devoir patienter. Xilonen
60%
[...] c'est mon nom, le rock 'n' roll c'est ma passion ! Et je suis la seule à en jouer dans tout le Port de Liyue. J'pense organiser des concerts d'ailleurs ces derniers temps, mais... Hum... Eh bien, on dit que tu voyages partout, voyageur·se... Alors, ça te dirait que je t'accompagne en tournée mondiale ? N'importe où, ça me va ! Xinyan
60%
Bonjour, je suis [...], une humble disciple de l'Adepte Flâne-Sentier. C'est un plaisir de faire votre connaissance ! Si vous rencontrez des difficultés à l'extérieur... Laissez-moi vous aider ! Oh, au fait, j'ai apporté des boulettes de radis frites, servez-vous ! N'en mangez pas trop, cependant, car cela serait mauvais pour votre corps. Si vous avez encore faim, j'ai aussi apporté des radis fraîchement lavés et du vinaigre. Je peux vous préparer une salade de radis râpé si vous voulez. Yaoyao
60%
Bienvenue chez les Naganohara ! Je suis [...]. Dites-moi si vous avez besoin de quelque chose ! Hum... Du kushikatsu et de l'omelette roulée... Stop ! Nous ne sommes pas un restaurant, mais des pyrotechniciens ! Oui, c'est ça... Nous fabriquons des feux d'artifice ! Ces choses qui éclatent dans le ciel et qui l'illumine... Yoimiya
60%
Je m'appelle [...]. Ma famille pratique l'art de l'exorcisme à Liyue depuis des générations. Le destin a voulu que notre rencontre ait lieu, semble-t-il... Ah, et mes services sont gratuits ! Chongyun
57%
Je suis [...]. Même si je ne connais pas ce monde, mon arc et mes flèches sont prêtes. Si ton équipe a besoin d'assistance, tu peux compter sur moi. Aloy
50%
Bonjour, voyageur·se venu·e de loin. Les nuits dans le désert sont cruelles. Vous devriez séjourner ici ce soir. Dormez profondément, je veille sur vous. Candace
50%
Général [...] de la Résistance de l'Île de Watatsumi, ici pour vous servir ! Cela fait longtemps que j'entends parler de vous. J'ai hâte de combattre à vos côtés jusqu'à la victoire ! Héhé... Alors, comment c'était ? Vous avez trouvé ça inspirant ? Gorou
50%
Bonjour. Je suis [...], un vétérinaire du Clan des fleurplumes. Tu as probablement entendu des choses sur moi, mais ce n'est pas grave. Peu importe l'impression que tu as de moi, oublie tout et apprenons à nous connaître. Ah oui, et voici mon assistant... Cacucu. Lui aussi est vétérinaire, mais à sa manière. J'espère que vous vous entendrez bien. Cacucu : Enchanté, poto ! Ifa
50%
Enchantée de faire ta connaissance ! Je t'observe depuis un moment déjà. Moi, c'est [...]. J'ai peut-être l'air d'une enfant, mais détrompe-toi : je connais ce monde mieux que n'importe quel adulte. Est-ce qu'on pourrait... échanger des connaissances ? J'aimerais entendre tes histoires de voyage. Et toi ? Que voudrais-tu savoir ? Nahida
50%
Je suis [...], la disciple de Surtalogi, le « Cavalier abominable ». Vous m'avez prouvé votre force tout au long de votre voyage et vous avez mérité le droit de me parler d'égal à égal. Laissez-moi voir comment votre destin se déroulera désormais. Skirk
50%
Bonjour, je m'appelle [...] et je fais partie de l'Association des artisans du Vallon Chenyu ! Puis-je vous proposer des décorations ou des paniers ? Ou peut-être un vase ou un meuble ? Ah, je n'ai presque plus de rotin. Je vais devoir aller en chercher dans la montagne... Oh, vous voulez venir avec moi ? Héhé, c'est très gentil de votre part ! Je vous offrirai un chapeau en rotin ! Qu'est-ce que vous en dites ? Lan Yan
43%
Comment ça ? Je change d'apparence et tu ne me reconnais pas ? Je suis libre et je vis sans contrainte. Je peux aller où je veux, accompagnée de qui je souhaite. Néanmoins, ahem... Au vu de ma renommée, merci de bien vouloir m'appeler « [...] » en public. Xianyun
40%
Bonjour, voyageur·se. Vous pouvez m'appeler [...]. Je pense que vous allez avoir besoin de mon aide, et, par chance, il se trouve que vous possédez des renseignements qui m'intéressent. Pour le dire autrement, soyons ami·es et entraidons-nous. Yelan
40%
Salut patron·ne ! Je suis [...], un mercenaire du Bureau des communications. Une livraison à faire ? Asseyez-vous et prenez une tasse de thé pendant que j'emballe vos marchandises ! Ensuite, on pourra programmer le départ ! Oh ! Et si vous voulez réserver une représentation de danse de wushou, moi et ma troupe, on peut vous arranger ça ! On s'appelle les Mythiques bêtes mystiques, et c'est moi la tête. Enfin, je ne dis pas ça pour me vanter ou quoi... Gaming
38%
Je suis [...], maîtresse du Jutsu du tachi de l'école [...] d'Inazuma. Enchantée de faire votre connaissance. Kamisato Ayaka
38%
Bonjour, je suis Kyryll Chudomirovich [...]. C'est la moindre des choses que de donner son nom complet lorsque je salue des invités importants, mais cela ne vous dit pas comment m'appeler... Par le passé, beaucoup avaient l'habitude de m'appeler Chudomirovich, mais appelez-moi [...] pour la simplicité. C'est mon nom de famille. Flins
33%
Ravi de vous rencontrer enfin, voyageur·se. J'entends parler de vous depuis longtemps maintenant. Je suis votre nouvel ami, [...] ! Enfin... Du moment que ça vous convient, bien sûr ! Thomas
17%
Des salutations ne sont pas nécessaires. Le prestige de mon statut ne doit pas transparaître lorsque nous évoluons parmi le peuple. Je reconnais que tu possèdes des compétences exceptionnelles, tu feras donc office de garde. Ne t'en fais pas, en cas de danger, je m'en occupe. Shogun Raiden
10%
Je vois. J'ai relu le contrat, le voici. Je peux commencer aujourd'hui si vous— Oh, j'ai oublié de signer ? Attendez... Oh. Mon nom est « [...] »... Voilà, c'est signé. Bien, maintenant, en quoi consiste le travail exactement ? Ganyu
0%
Désolé, vous me cherchiez ? Bonjour, je m'appelle [...]. Que puis-je faire pour vous ? Ah, ne restez pas planté·e là, je connais un bon endroit pour se poser et discuter. Suivez-moi. Sethos
0%
Bonjour ! Je m'appelle [...], je suis une guerrière du Collectif de l'abondance et je m'occupe d'un verger... Si tu aimes la nourriture, que tu veux acheter des fruits frais en gros, ou encore si tu aimes les histoires de héros... Alors, nous sommes fait·es pour nous entendre ! Je vais te montrer nos spécialités culinaires, t'offrir les meilleurs fruits de toute notre tribu et te raconter des histoires vraiment incroyables sur les plus grands héros de légende ! Varesa
0%
[...], à votre service. Je ne suis qu'un humble rat de bibliothèque, mais j'ose espérer pouvoir être de quelque utilité sous votre commandement. Ah, je n'ai guère l'occasion de parler comme ça, il faut reconnaître que ça sonnait bien ! Xingqiu
0%
Aucun quiz correspondant
Distribution des résultats
% des personnes avec chaque résultat
Percentile par nombre de réponses
Votre historique - résultats
Vous n’avez pas pris ce quiz depuis la dernière actualisation